000 00499nam a2200157Ia 4500
008 170221s9999 xx 000 0 und d
100 _aBantimaroudis, Philemon.
245 _a“Chemtrails” in the Sky: Toward a Group-mediated Delusion Theory
245 _cPhilemon Bantimaroudis.
260 _bStudies in Media and Communication
260 _c2016
300 _a6 : 1
650 _xCommunication
650 _xMedia Arts
856 _uhttp://redfame.com/journal/index.php/smc/issue/view/106
999 _c308624
_d308624